Random Knowledge Quiz #28 - Statistics

General Stats
  • This quiz has been taken 216 times
  • The average score is 9 of 15
Answer Stats
Question Answer % Correct
What is both a galaxy and a candy bar? Milky Way
90%
What does Popeye the Sailor eat to become strong? Spinach
90%
In order to be titled an 'EGOT' winner, you have to win an Emmy, an Oscar, a Tony and... what? A Grammy
89%
Who is the first and only US president who has had his mug shot taken? Donald Trump
82%
What part of your body is in the wrong place if you have a condition called dextrocardia? Heart
77%
Which holiday is always on the Sunday after the first full moon after the spring equinox? Easter
76%
If O is oxygen and O2 is dioxygen, what is O3? Ozone
73%
Which herb might taste like soap if you have a certain gene? Cilantro / coriander
54%
What is the most popular vegetable in the world? Tomato
53%
Name one of the two actors who have won an Oscar posthumously. Heath Ledger and Peter Finch
48%
Jnana, bhakti, karma, and kundalini are all practices of what? Yoga
45%
What breed is the dog from the Doge meme? Shiba Inu
33%
In which country can you find the 'wettest place on Earth' with an average annual rainfall of 11,872 millimetres? India
25%
Highclere Castle is known from TV as what imaginary place? Downton Abbey
22%
Finish this quote: "History, huh? Bet we could..." Make some
6%
No matching quizzes found
Score Distribution
Percent of People with Each Score
Percentile by Number Answered
Your Score History
You have not taken this quiz